CBT WITH CHILDREN YOUNG PEOPLE (Record no. 14988)

MARC details
000 -LEADER
fixed length control field 00258nam a22001217a 4500
003 - CONTROL NUMBER IDENTIFIER
control field SGT
082 ## - DEWEY DECIMAL CLASSIFICATION NUMBER
Classification number 616.89
Item number C13F
100 ## - MAIN ENTRY--PERSONAL NAME
Personal name FUGGLE, PETER
245 ## - TITLE STATEMENT
Title CBT WITH CHILDREN YOUNG PEOPLE
260 ## - PUBLICATION, DISTRIBUTION, ETC. (IMPRINT)
Place of publication, distribution, etc LONDON
Name of publisher, distributor, etc SAGE
Year of Publication 2013
300 ## - PAGE DESCRIPTION
No. of Pages 302
942 ## - ADDED ENTRY ELEMENTS (KOHA)
Source of classification or shelving scheme Dewey Decimal Classification
Koha item type Books
Holdings
Withdrawn status Lost status Source of classification or shelving scheme Damaged status Not for loan Collection code Home library Current library Shelving location Date acquired Vendor Name SGTU Full call number Accession No. (Barcode) Date last seen Bill Date Koha item type
    Dewey Decimal Classification   Not For Loan MEDICAL SGT Medical Library SGT Medical Library Reference Book 31/01/2018 ABC SGTU 616.89 C13F FM9853 31/01/2018 31/01/2018 Books